Spell the Marvel Hero #22 - Statistics

General Stats
  • This quiz has been taken 16 times
  • The average score is 5 of 8
Answer Stats
Picture Answer % Correct
Genis-Vell
87%
Nightcrawler
87%
Magik
73%
Old Lace
73%
Abigail Brand
60%
Firestar
60%
Frog-Man
60%
Reptil
40%
No matching quizzes found
Score Distribution
Percent of People with Each Score
Percentile by Number Answered
Your Score History
You have not taken this quiz